000 00873cam a22002531 4500
001 e 40000459
003 DLC
005 20260227111229.0
008 830506s1940 tnu b s000 0 eng c
010 _ae 40000459
035 _a(OCoLC)9484913
040 _aU.S. Off. of educ. Library
_cDNIE
_dDLC
042 _apremarc
050 0 0 _aLB1570
_b.T38
082 _a372
110 1 _aTennessee.
_bDepartment of Education.
245 1 0 _aMastering skills and evaluating pupil progress in the elementary schools.
_cState Department of education, Nashville, Tennessee, 1940. B.O. Duggan, commissioner of education. R. Lee Thomas, elementary school supervisor.
260 _a[Nashville,
_c1940]
300 _a45 p.
_c22 cm.
504 _aBibliography: p. 43-45.
650 0 _aEducation
_xCurricula.
650 0 _aEducation.
650 0 _aGrading and marking (Students)
999 _c21720
_d21720